LEADER 01376nam a2200301 a 4500 001 000000178650 003 CaOOAMICUS 005 20260408140045.0 008 260408s1947 it u000 u ita r 040 $aPUL$bita 245 03$aIl Comunismo e i Cristiani /$cscritti di François Mauriac ... [et. al.] ; prefazione di Mario Bendiscioli ; trad. di Pia Sartori Treves. 260 $aBrescia :$bMorcelliana,$c1947. 300 $axviii, 210 pagine ;$c20 cm 336 $atesto$btxt$2rdacontent 337 $asenza mediazione$bn$2rdamedia 338 $avolume$bnc$2rdacarrier 490 1 $aProblemi e Opinioni 650 4$aCristianesimo e comunismo.$0(OLS)http://pul/subject/12720 700 1 $aMauriac, François,$d1885-1970,$econtributore.$0(OLS)http://pul/name/18268 700 1 $aSartori Treves, Pia,$d1878-1969,$etraduttore.$0(OLS)http://pul/name/38287 700 1 $aBendiscioli, Mario,$d1903-1998,$eautore di introduzione.$0(OLS)http://pul/name/4245 830 0$aProblemi e Opinioni.$0(OLS)http://pul/title/35206 850 $aPUL 852 $aPUL$W1$xDP1 Fondo Benedetti Carloni$y126$m3 A 4$j101259$qFondi$B207816$CPULBib$Z2$F207816 $HBen125 $82 941 1 $a1 996 $6245$aIl Comunismo e i Cristiani$9(OLS)http://pul/title/76962 996 $6260$aBrescia :$bMorcelliana$9(OLS)http://pul/publisher/47854